[Event "Nugegoda Grand Prix 8th"]
[Site "Nugegoda"]
[Date "2021.01.31"]
[Round "7"]
[White "De Silva, Elath Mathanga"]
[Black "Ahangama, Senuka Aswin"]
[Result "1-0"]
[WhiteElo "1854"]
[BlackElo "1523"]
[PlyCount "125"]
[EventDate "2021.01.28"]
[EventType "tourn"]
[EventRounds "11"]
[EventCountry "SRI"]
[SourceTitle "CBM 200 Extra"]
[Source "ChessBase"]
[SourceDate "2021.03.31"]
[SourceVersion "1"]
[SourceVersionDate "2021.03.31"]
[SourceQuality "1"]

1. d4 g6 2. Nf3 Bg7 3. c3 d6 4. Bg5 h6 5. Bh4 f5 6. Bg3 e6 7. h4 Nf6 8. Nbd2 Qe7 9. Qc2 Nc6 10. e4 Bd7 11. Bd3 Nh5 12. Bh2 0-0-0 13. 0-0-0 Nf6 14. Rde1 Qf7 15. Qb3 Ng4 16. Bg1 f4 17. Nh2 Nxh2 18. Rxh2 g5 19. f3 d5 20. e5 Nb8 21. Bf2 gxh4 22. Bxh4 Rdg8 23. Qc2 Be8 24. Kb1 Bf8 25. Nb3 Be7 26. Bxe7 Qxe7 27. Nc5 Nd7 28. Nxd7 Qxd7 29. Reh1 Qg7 30. a3 Bg6 31. Bxg6 Qxg6 32. Qxg6 Rxg6 33. Rh4 Rxg2 34. Rxh6 Rxh6 35. Rxh6 Rg3 36. Rxe6 Kd7 37. Rf6 Rxf3 38. Rf7+ Kc6 39. Kc2 Rf2+ 40. Kb3 Rf3 41. Kb4 b6 42. Rf6+ Kb7 43. Rf7 Rf2 44. b3 a5+ 45. Kb5 Rf3 46. b4 Rxc3 47. bxa5 bxa5 48. Rxf4 c6+ 49. Kxa5 Rxa3+ 50. Kb4 Re3 51. Kc5 Re4 52. Rf7+ Ka6 53. Rc7 Rh4 54. Rxc6+ Kb7 55. Rg6 Rh7 56. Kxd5 Kc7 57. Ke6 Rh8 58. Rg7+ Kd8 59. Ra7 Rh6+ 60. Kd5 Rb6 61. e6 Rb8 62. Ke5 Ke8 63. d5 1-0